Statistics for FBS Schools by Time Zone - Pacific

Click here to take the quiz!

General Stats

  • This quiz has been taken 33 times
  • The average score is 12 of 13

Answer Stats

School% Correct
California
100%
Oregon
100%
Oregon State
100%
Washington
100%
Washington State
100%
California-Los Angeles
94%
Southern California
94%
Stanford
89%
Fresno State
83%
Nevada
78%
Nevada-Las Vegas
78%
San Diego State
72%
San Jose State
67%

Score Distribution

Percentile by Number Answered

Percent of People with Each Score

Your Score History

You have not taken this quiz